Statistics for Princess Bride Trivia

Click here to take the quiz!

General Stats

  • This quiz has been taken 8,438 times
  • The average score is 13 of 20

Answer Stats

Hint Answer % Correct
QuoteYou killed my father, {prepare} {to} {die}
92%
QuoteAs you {wish}
91%
Name of the PrincessButtercup
86%
What ROUS stands for{Rodent} of Unusual Size
84%
Pirate alter-ego of the above{Dread} Pirate Roberts
82%
Name of the heroWestley
78%
Inigo Montoya's home countrySpain
76%
Wot bwings us togeder toodayMawage
75%
Where a ROUS can be found{Fire} Swamp
67%
Actor who played FezzikAndre the Giant
66%
Word that doesn't mean what
you think it means
Inconceivable
66%
Name of the PrinceHumperdinck
57%
Classic blundersGoing against a {Sicilian}
(with death on the line)
54%
Sea creature that almost
eats the princess
Eel
50%
Next line after:
"No more rhymes now, I mean it"
Anybody want a peanut?
49%
Classic blunders{Land} {war} in Asia
49%
Actress who played the PrincessRobin Wright
48%
Actor who plays the kid whose grandpa reads to himFred Savage
47%
Land of criminals where
Iocane poison comes from
Australia
39%
Director of the movieRob Reiner
35%

Score Distribution

Percentile by Number Answered

Percent of People with Each Score

Your Score History

You have not taken this quiz